| 000 | 00636nam a2200193 a 4500 | ||
|---|---|---|---|
| 008 | 951031s1995||||xo 0 slo c | ||
| 020 |
_a8088784050 _c0 |
||
| 040 |
_aSNK _bslo _cSNK _eAACR2 |
||
| 041 | 1 | _aslo | |
| 044 |
_axo _cSK |
||
| 080 | _a51(035) | ||
| 100 | 1 |
_aKadlečková, Magdaléna _4aut |
|
| 245 | 1 | 0 |
_aMatematika _bZákladné požiadavky pre prijímacie skúšky na vysoké školy _cMagdaléna Kadlečková |
| 250 | _a1. vyd. | ||
| 260 |
_aBanská Bystrica _bPedagogická spoločnosť J.A. Komenského _c1995 |
||
| 300 |
_a114 s. _bGrafy, sch., tab., lit. 9 zázn. v češ. a slov. _c20 cm |
||
| 490 | 0 | _aAlef | |
| 958 | _aAPR | ||
| 999 |
_c20511 _d20511 |
||